Kirjaimella T alkavien valtioiden naapurimaat - Statistics

Yleistilastot
  • Tätä visaa on pelattu 78 kertaa
  • Keskiarvotulos 27 / 39
Vastaustilastot
T:llä alkava valtio Rajanaapuri % Oikein
Tanska, Tšekki Saksa
98%
Tadžikistan Kiina
88%
Turkki Kreikka
88%
Tadžikistan, Turkmenistan Uzbekistan
88%
Tunisia Algeria
81%
Turkki Azerbaidžan
81%
Tadžikistan, Turkmenistan Afganistan
79%
Turkki Armenia
79%
Turkki, Turkmenistan Iran
79%
Tansania Kenia
79%
Tšad Niger
79%
Turkki Irak
75%
Turkmenistan Kazakstan
75%
Togo Benin
73%
Thaimaa Kambodža
73%
Tadžikistan Kirgisia
73%
Thaimaa Laos
73%
Tšad, Tunisia Libya
73%
Tansania Kongon demokraattinen tasavalta
71%
Tansania Mosambik
71%
Turkki Syyria
71%
Tšad Nigeria
69%
Turkki Georgia
67%
Thaimaa Myanmar
65%
Tansania Uganda
65%
Tšekki Slovakia
63%
Turkki Bulgaria
60%
Tansania Malawi
60%
Tšekki Puola
60%
Togo Burkina Faso
58%
Tansania Ruanda
58%
Tšad Sudan
58%
Togo Ghana
56%
Tšad Keski-Afrikan tasavalta
56%
Tšekki Itävalta
54%
Tansania Sambia
54%
Tšad Kamerun
52%
Tansania Burundi
50%
Thaimaa Malesia
50%
Ehtoja vastaavia visoja ei löytynyt
Tulosjakauma
Jokaisen tuloksen saaneiden osuus
Persentiili vastausten määrän mukaan
Tuloshistoriasi
Et ole pelannut tätä visaa